Estrategia omnicanal en la distribucin̤ de servicios pb︢licos

Detalles Bibliográficos
Autor principal: Medina Molina, Cayetano
Otros Autores: Rey Moreno, Manuel
Formato: eBook
Lenguaje:español
Publicado: Madrid: Instituto Nacional de Administracin̤ Pb︢lica (INAP), 2017
Materias:
Acceso en línea:Acceso restringido

MARC

LEADER 00000nam a22000007a 4500
005 20180319224727.0
007 cr|||| ||||
008 180319s2017 es |||||s|||| 00||0 spa d
020 |a 978-84-7351-608-2 
035 |a 21086 
040 |a vLex 
090 |c 7486  |d 7486 
100 1 |a Medina Molina, Cayetano 
245 1 0 |a Estrategia omnicanal en la distribucin̤ de servicios pb︢licos  |h [Recurso electrn̤ico] /  |c Cayetano Medina Molina, Manuel Rey Moreno 
256 |a Servicio en ln̕ea 
260 |a Madrid:  |b Instituto Nacional de Administracin̤ Pb︢lica (INAP),  |c 2017 
300 |a 1 recurso electrn̤ico 
506 1 |a Disponible solo en los productos indicados  |d vLex Global  |d vLex Global (Academic Edition, excluding Law Schools)  |d vLex Global (U.S. Academic Edition, Law Schools)  |d vLex Global (U.S. Academic Edition, excluding Law Schools)  |d vLex Global (Academic Edition, Law Schools) 
650 0 4 |a Derecho Pb︢lico y Administrativo  |z Espaą 
700 1 |a Rey Moreno, Manuel 
740 0 |a vLex Libros (Servicio en ln̕ea) 
856 4 0 |u http://vlex.com/source/estrategia-omnicanal-distribucion-servicios-publicos-21086  |z Acceso restringido 
942 |c BOOK 
999 0 |a Public and Administrative Law